| 000 | 00909cab a2200265 4500 | ||
|---|---|---|---|
| 001 | WB3116-112 | ||
| 008 | 090401t1995 xxu||||| |||| 00| 0 eng d | ||
| 035 | _a(Sirsi) u11269 | ||
| 041 | _aeng | ||
| 245 | _aFinancing agreement | ||
| 260 | _c1995 | ||
| 350 | _a0 | ||
| 490 |
_aEstates Gazette Case Summaries _v1995 EGCS 64 (15 April 1995) |
||
| 520 | _a"Friends` Provident Life Office v Hillier Parker May and Rowden and others", CA 3 April 1995, on the striking out of third party claims against a developer which arose out of payments for `notional interest`. | ||
| 650 | _aBREACH OF CONTRACT | ||
| 650 | _aCIVIL LIABILITY (CONTRIBUTION) ACT 1978 | ||
| 650 | _aHILLIER PARKER | ||
| 650 | _aNEGLIGENCE | ||
| 650 | _aNOTIONAL INTEREST | ||
| 650 | _aSTRIKING OUT | ||
| 650 | _aSURVEYORS | ||
| 690 | _aMANAGEMENT-BUSINESS MANAGEMENT-PROFESSIONAL PRACTICE | ||
| 942 | _n0 | ||
| 948 | _c04/03/1997 | ||
| 999 |
_c7172 _d7172 |
||